| 000 | 01449nam a22002297a 4500 | ||
|---|---|---|---|
| 999 |
_c64066 _d64066 |
||
| 003 | Ge_BSU | ||
| 005 | 20260320103947.0 | ||
| 008 | 260320s1973 ge ||||| |||| 00| 0 geo d | ||
| 041 | _ageo | ||
| 080 | _a330.8(075.8) ბ-51 | ||
| 100 |
_aბერაძე, ს. _927165 |
||
| 245 |
_aეკონომიურ მოძღვრებათა ისტორია : _b[სახელმძღვ. ეკონომ. ფაკ-ტების სტუდენტებისათვის]. ნაკვ. 1, [კაპიტალიზმამდელი ეპოქების ეკონომიური მოძღვრება] / _c ს. ბერაძე, გ. ჭანუყვაძე, ი. კრავცოვი. |
||
| 264 |
_aთბილისი : _bთბილ. უნ-ტის გამ-ბა, _c1973. |
||
| 300 |
_a355 გვ.; _b22 სმ. |
||
| 500 | _aპარალ. სათ. რუსულ ენაზე | ||
| 653 | _aეკონომიურ მოძღვრებათა ისტორია | ||
| 653 | _aკაპიტალიზმამდელი ეკონომიური მოძღვრებები | ||
| 700 |
_aჭანუყვაძე, გ. _eავტორი _926110 |
||
| 700 |
_aჭანუყვაძე, გ. _eავტორი _926110 |
||
| 700 |
_aკრავცოვი, ი. _eავტორი _927166 |
||
| 942 |
_2udc _cᲬᲘᲒᲜᲘ |
||